000 nam a22 7a 4500
999 _c8960
_d8960
008 180122b ||||| |||| 00| 0 eng d
100 _aSharma.N.etal.
_95263
245 _aLets Do Mathematics
260 _aNew Delhi
_bArya
_c2008